| 000 | 00742nam a2200265 a 4500 | ||
|---|---|---|---|
| 001 | 690 | ||
| 003 | BR-CuiBMT | ||
| 005 | 20231129144619.0 | ||
| 008 | 231113s2014 spba 000 0 por d | ||
| 020 | _a9788502214071 | ||
| 040 |
_aBR-CuiBMT _cBR-CuiBMT |
||
| 080 |
_22007 _a347.6 |
||
| 090 |
_a347.6 _bG635d _c18. ed. |
||
| 100 | 1 |
_aGonçalves, Carlos Roberto, _d1938- |
|
| 245 | 1 | 0 |
_aDireito de família / _cCarlos Roberto Gonçalves. |
| 250 | _a18. ed. | ||
| 260 |
_aSão Paulo : _bSaraiva, _c2014. |
||
| 300 |
_a205 p. : _bil. ; _c21 cm |
||
| 490 | 1 |
_aSinopses jurídicas ; _vv. 2 |
|
| 650 | _aDireito de família | ||
| 650 | _aDireito civil | ||
| 650 | _aDireito patrimonial | ||
| 830 | 0 |
_aSinopses jurídicas ; _v2 |
|
| 942 |
_2udc _cLV |
||
| 999 |
_c690 _d690 |
||